000 00594nam a2200157Ia 4500
003 GCL
008 140319s9999 xx 000 0 ara d
040 _aGCL /
_cGCL
082 0 4 _a922
_bس ج
100 1 _aشمس الدين محمد بن عبدالرحمن
245 1 0 _aالجواهر والدرر في ترجمة شيخ الاسلام ابن حجر العسقلانى /
_cشمس الدين محمد بن عبدالرحمن
260 _aالقاهرة :
_bوزارة الاوقاف ،
_c1996
300 _a499 ص ؛
_c25 سم
650 0 4 _aابن حجر العسقلانى
942 _2ddc
_cBK
999 _c2855
_d2855